01003cam a2200253 a 450000100100000000500170001000800410002704000250006808200250009310000430011824501090016125000110027026000600028130000210034149000420036265000360040465000370044070000350047770000340051283000480054604900090059495201290060399900170073200002449620200930023214.0850726s1963 pr 000 p spa d aDO-SdBNPbspacBNPHU aPR861.4bD259v, 19631 aDávila, Virgilio,d1869-1943.94080810aViviendo y amando /cVirgilio Dávila ; prólogo Romualdo Real ; nota crítica Cesáreo Rosa-Nieves. a2a ed. aSan Juan, (Puerto Rico) :bEditorial Cordillera,c1963. a144 p. ;c18 cm.1 aLos Grandes Escritores de Puerto Rico 4aPoesía puertorriqueña91015 4aLiteratura puertorriqueña92501 aReal, Romualdoepról.9502011 aRosa-Nieves, Cesáreo.93522 0aLos Grandes Escritores de Puerto Rico94237 aBNGR 001054708MOaGRbGRcCTd2011-01-28iLF1l0oPR861.4 D259v, 1963p24496-10r2020-06-25w2020-06-25y4ZPréstamo en sala c23989d23989